Soviet C³ /

Bibliographic Details
Other Authors: Cimbala, Stephen J.
Format: Book
Language:English
Published: Washington, D.C. : AFCEA International Press, [1987]
Series:AFCEA/SIGNAL magazine C³I series ; v. 7.
Subjects:

MARC

Tag First Indicator Second Indicator Subfields
LEADER 00000cam a2200000 a 4500
001 in00000018365
005 20151007053225.0
008 870909s1987 dcu b 00000 eng
010 |a  87026967  
020 |a 0916159159 :  |c $39.95 
035 |a (OCoLC)16758036 
035 |9 AAB0855AM 
040 |a DLC  |c DLC  |d TXA  |d UtOrBLW 
043 |a e-ur--- 
049 |a TXAM  |c [A11082004] 
050 0 0 |a UB212  |b .S683 1987 
082 0 |a 355.3/3041/0947  |2 19 
245 0 0 |a Soviet C³ /  |c edited by Stephen J. Cimbala ; foreword by John W. Warner. 
264 1 |a Washington, D.C. :  |b AFCEA International Press,  |c [1987] 
264 4 |c ©1987 
300 |a xiii, 459 pages ;  |c 24 cm. 
336 |a text  |b txt  |2 rdacontent 
337 |a unmediated  |b n  |2 rdamedia 
338 |a volume  |b nc  |2 rdacarrier 
490 1 |a AFCEA/SIGNAL magazine C³I series ;  |v vol. 7 
504 |a Includes bibliographies. 
650 0 |a Command and control systems  |z Soviet Union. 
700 1 |a Cimbala, Stephen J. 
830 0 |a AFCEA/SIGNAL magazine C³I series ;  |v v. 7. 
999 |a MARS 
999 f f |s 9607c3b9-d6e8-3309-bbc7-aef82b2ffd92  |i 069b25dc-7ae9-3da6-8e50-9d1ec661de07  |t 0 
952 f f |p ric  |a Texas A&M University  |b Rellis Campus  |c Joint Library Facility  |d Remote Storage  |t 0  |e UB212 .S683 1987  |h Library of Congress classification  |i unmediated -- volume  |m A14811082004 
998 f f |a UB212 .S683 1987  |t 0  |l Remote Storage